000 00538nam a2200193Ia 4500
003 GCL
008 140319s9999 xx 000 0 ara d
040 _aGCL /
_cGCL
082 0 4 _a191
_bع ف
100 1 _aعبدالعزيز شرف
245 1 0 _aالفكر التنويرى: دراسة فى منهج زهير كتبى /
_cعبدالعزيز شرف
300 _a156 ص
490 _aكتاب
_v0
650 0 4 _aالفلسفة
650 0 4 _aالسياسة
650 0 4 _aالثقافة
650 0 4 _aالتنوير
942 _2ddc
_cBK
999 _c41493
_d41493